Sports Quiz

Random Sports or NBA Quiz
Score 0/15 Timer 05:00
0 Plays Today
Position Player % Correct
SGDwyane Wade
100%
SFLebron James
99.5%
CAlonzo Mourning
94.1%
CShaquille O'Neal
90.6%
PGTim Hardaway
84.2%
PGGoran Dragic
74.9%
PFUdonis Haslem
73.4%
CHassan Whiteside
69%
Position Player % Correct
SFGlen Rice
62.1%
SFEddie Jones
50.7%
CRony Seikaly
39.4%
SGSteve Smith
31%
PFP.J. Brown
25.6%
SGDan Majerle
20.7%
SFBrian Grant
18.2%
Remove Ads.
Support Sporcle.
Get the best of Sporcle when you Go Orange. This ad-free experience offers more features, more stats, and more fun while also helping to support Sporcle. Thank you for becoming a member.

You're not logged in!

Compare scores with friends on all Sporcle quizzes.
OR
Log In

Show Comments

Extras

Created Oct 3, 2019ReportNominate
Tags:NBA Quiz

Top Quizzes Today


Score Distribution

Your Account Isn't Verified!

In order to create a playlist on Sporcle, you need to verify the email address you used during registration. Go to your Sporcle Settings to finish the process.

Report this User

Report this user for behavior that violates our Community Guidelines.

Details: